000 00455 a2200169 4500
001 066898
003 OSt
005 20211021161612.0
008
082 _a621.3820286
_bM77E
100 1 _aMoon, Todd K.
245 1 _aError correction coding
_cby Todd K. Moon
260 _aIndia
_bWiley
_c2009
300 _a756p.
690 _aError-correcting codes (Information theory); Engineering mathematics
942 _2ddc
_cBK
999 _c892
_d892